000 01758nam a2200253Ia 4500
003 Ost
005 20260416102353.0
008 260416s9999||||xx |||||||||||||| ||und||
040 _cfsecg
041 _aara
082 _a658
100 _aفلياشي، سامية
_eمؤلف
245 0 _aدروس لمقياس مدخل لإدارة الأعمال /
_c سامية فلياشي
260 _aالجزائر
_bجامعة الجزائر3: كلية العلوم الإقتصادية، العلوم التجارية وعلوم التسيير
_c2018
300 _a98 ورقة
_bايضاحات
_c30 سم
504 _aمراجع ص.91 قائمة الاشكال ص.94
520 _aالتعريف وطبيعة علم الإدارة: التعريف بعلم الادارة الأهمية والمميزات، علاقة علم الإدارة بالعلوم الأخرى وأوجه الاختلاف بين الادارة وإدارة الأعمال، صفات و مسؤوليات و مهارات المدير، تطور الفكر الإداري ومدارسه: الفكر الإداري في العصور المختلفة، المدرسة الكلاسيكية، مدرسة العلاقات الانسانية، مدرسة العلوم السلوكية، النظريات الحديثة في الإدارة، وظائف الإدارة: وظيفة التخطيط، وظيفة التنظيم، وظيفة التوجيه، الرقابة
653 _aادارة الاعمال
653 _aالادارة
653 _aالفكر الاداري
653 _aالمدير
710 _aجامعة الجزائر3: كلية العلوم الإقتصادية، العلوم التجارية وعلوم التسيير
_eناشر علمي
942 _cHANDOUT
999 _c41074
_d41074